Представление документа в формате MARC21

Поле Инд. ПП Название Значение
Тип записи a
Библиографический уровень m
001 Контрольный номер RU/LIBMSTU/229614748
005 Дата корректировки 20170204111652.0
008 Кодируемые данные 070411|||||||||ru |||||||||||000|||rus||
020 a ISBN 5-88721-311-6 (Руссо)
c Цена, тираж 458-00
084 a Индекс другой классификации/Индекс ББК 81.2Англ-43+5
090 a Полочн. индекс 81.2Англ-4
x Авторский знак Н 76
245 10 a Заглавие Новый англо-русский медицинский словарь
b Продолж. заглавия ок. 75000 терминов
c Ответственность под ред. Ривкина В. Л., Бенюмовича М. С.
260 a Место издания Москва
b Издательство Руссо
b Издательство Бином. Лаб. знаний
c Дата издания 2007
300 a Объем 871, [2] с.
650 04 a Основная рубрика Медицина-Терминологические словари
650 14 a Основная рубрика Английский язык-Словари
653 0_ a Ключевые слова Английский язык
a Ключевые слова Медицина
a Ключевые слова Медицинская терминология
a Ключевые слова Словари англо-русские
653 1_ a Ключевые слова Словари
700 12 a Другие авторы Ривкин В. Л.
e Роль лиц ред.
700 1_ a Другие авторы Бенюмович М. С.
e Роль лиц ред.
901 t Тип документа m